| 000 | 01545nam a22002417a 4500 | ||
|---|---|---|---|
| 999 |
_c58845 _d58845 |
||
| 003 | Ge_BSU | ||
| 005 | 20221007120157.0 | ||
| 008 | 221007s2010 ge ||||| |||| 00| 0 geo d | ||
| 020 | _a9789941416361 | ||
| 041 | _ageo | ||
| 080 | _a1(479.22) ი-35 | ||
| 100 |
_aიეკი, უდო რაინჰოლდ _96925 |
||
| 245 |
_aგანაზრებანი ქართული ფილოსოფიის შესახებ = Erlauterungen zur georgischen Philosophie / _c უდო რაინჰოლდ იეკი ; გერმ. თარგმნა ლალი ზაქარაძემ ; [რედ. გურამ თევზაძე ; გრიგოლ რობაქიძის სახ. უნ-ტი, ფილოს. და სოციალ. მეცნ. კვლევ. ინ-ტი]. |
||
| 250 | _a[I-ლი ქართ. გამოც.]. | ||
| 264 |
_aთბ. : _b[ნეკერი], _c2010. |
||
| 300 |
_a88 გვ. ; _b15 სმ. |
||
| 500 | _aტექსტი გერმ. და ქართ. სახელთა საძ.: გვ. 82-85. | ||
| 653 | _aქართული ფილოსოფია | ||
| 653 | _aგერმანული ფილოსოფია | ||
| 700 |
_aთევზაძე, გურამ _eრედაქტორი _915137 |
||
| 710 |
_aგრიგოლ რობაქიძის სახ. უნ-ტი. _bფილოს. და სოციალ. მეცნ. კვლევ. ინ-ტი _96937 |
||
| 942 |
_2udc _cBK |
||